Statistics for 15 Largest Cities in Burundi🇧🇮

Click here to take the quiz!

General Stats

  • This quiz has been taken 9 times
  • The average score is 5 of 15

Answer Stats

PopulationCity% Correct
331kBujumbura
100%
23kGitega
100%
20kRutana
38%
12kBubanza
25%
19kBururi
25%
6kCankuzo
25%
14kCibitoke
25%
10kKaruzi
25%
19kKayanza
25%
6kKirundo
25%
19kMakamba
25%
18kMuramvya
25%
71kMuyinga
25%
21kNgozi
25%
38kRuyigi
25%

Score Distribution

Percentile by Number Answered

Percent of People with Each Score

Your Score History

You have not taken this quiz